00481nam a2200157Ia 450000500170000000800410001708200130005810000230007124500230009426000380011730000200015550000280017594200060020395200990020999900150030820250508021246.0240331s9999 xx 000 0 und d bBALa894 aBalasubramaniam, R 0aAmma entrouru penn aChennaibKumaran Publishersc1996 a160 p ., ( C 2) aA Collection of Stories cL 001040708LaWERCLbWERCLcSSCd2024-03-31l0o 894.811 BALp4817r2024-03-31w2024-03-31yL c5531d5531